النظام السياسي الإسرائيلي / (Record no. 13894)
[ view plain ]
| 000 -الفاتح | |
|---|---|
| حقل البيانات ثابتة الطول | 00717nam a22001577a 4500 |
| 008 - عناصر البيانات ثابتة الطول - معلومات عامة | |
| حقل البيانات ثابتة الطول | 100414s1989 le|||||r|||| 000 0 ara d |
| 082 ## - رقم تصنيف ديوى العشرى | |
| رقم الطبعة | 22 |
| رقم التصنيف | 320.95694 |
| رقم المادة | ت ي م |
| 100 ## - المدخل الرئيسى - إسم شخصى | |
| 9 (RLIN) | 13567 |
| الإسم الشخصى | تيم، سعيد |
| 245 ## - بيان العنوان | |
| العنوان | النظام السياسي الإسرائيلي / |
| بيان المسئوليه,etc | تأليف سعيد تيم |
| 260 ## - PUBLICATION, DISTRIBUTION, ETC. (IMPRINT) | |
| مكان الناشر او الموزع | بيروت: |
| اسم الناشر او الموزع | دار الجيل ، 1989 |
| تاريخ النشر أو التوزيع | 1989 |
| 300 ## - الوصف المادى | |
| التعداد | 572 ص؛ |
| أبعاد الوعاء | 22 سم |
| 504 ## - تبصرة ببليوجرافية | |
| تبصرة ببليوجرافية,الخ | يحتوي على ببليوجرافية ص 557-567 |
| 651 ## - المدخل الاضافى بالموضوع - اسم جغرافى | |
| 9 (RLIN) | 13566 |
| الاسم الجغرافي | إسرائيل |
| التقسيم الفرعي العام | السياسة والحكومة |
| 942 ## - عناصر المدخل الإضافي( كوها) | |
| مصدر التصنيف او مخطط الترفيف | Dewey Decimal Classification |
| Koha [default] item type | Book - Borrowing |
| حالة التراجع | حالة الفقد | مصدر التصنيف او خطة الترفيف | حالة تلف | ليس للاعارة | مجموعات كوها | المكان الدائم | المكان الحالي | موقع الترفيف | تاريخ الاكتساب | Source of acquisition | رقم الاستدعاء | الباركود | Date last seen | مُعار | نوع الوعاء |
|---|---|---|---|---|---|---|---|---|---|---|---|---|---|---|---|
| Dewey Decimal Classification | Central Library | Central Library | First floor | 14/04/2010 | 320.95694 تيم | 000020668 | 15/07/2025 | 22/10/2017 | Book - Borrowing |